Development and application of pyrolysis gas chromatography/mass spectrometry for the analysis of bound trinitrotoluene residues in soil /
Bewaard in:
| Andere auteurs: | , , , , , |
|---|---|
| Formaat: | Artikel |
| Taal: | English |
| Onderwerpen: | |
| Tags: |
Voeg label toe
Geen labels, Wees de eerste die dit record labelt!
|
| Thư viện lưu trữ: | Thư viện Trường Đại học Đà Lạt |
|---|
| LEADER | 01159nam a2200373 4500 | ||
|---|---|---|---|
| 001 | DLU090094580 | ||
| 005 | ##20091201 | ||
| 040 | # | # | |a DLU |b eng |
| 041 | # | # | |a eng |
| 044 | # | # | |a us |
| 245 | # | # | |a Development and application of pyrolysis gas chromatography/mass spectrometry for the analysis of bound trinitrotoluene residues in soil / |c Jeffrey M. Weiss ... [et al.]. |
| 653 | # | # | |a Chemical analysis |
| 653 | # | # | |a Covalent bond |
| 653 | # | # | |a Elution |
| 653 | # | # | |a Gas chromatography |
| 653 | # | # | |a Mass spectrometry |
| 653 | # | # | |a Pyrolysis |
| 653 | # | # | |a Soil pollution |
| 700 | # | # | |a DeRito, Christopher. |
| 700 | # | # | |a Madsen, Eugene L. |
| 700 | # | # | |a McKay, Amanda J. |
| 700 | # | # | |a Thorn, Kevin A. |
| 700 | # | # | |a Watanabe, Chuichi. |
| 700 | # | # | |a Weiss, Jeffrey M. |
| 773 | # | # | |t Environmental Science & Technology |g Vol. 38, no. 7 (April 2004), p. 2167-2174 |
| 920 | # | # | |a Phòng Tạp chí -- Trung tâm Thông tin - Thư viện Trường Đại học Đà Lạt |
| 994 | # | # | |a DLU |
| 900 | # | # | |a True |
| 911 | # | # | |a Trương Bảo Trâm Anh |
| 925 | # | # | |a G |
| 926 | # | # | |a A |
| 927 | # | # | |a BB |
| 980 | # | # | |a Thư viện Trường Đại học Đà Lạt |